000 00600nam a2200121Ia 4500
008 220615s9999||||xx |||||||||||||| ||und||
245 4 _aThe Invasion of the South
_bArmy Air Force Operations, and the Invasion of Northern and Central Sumatra
546 _aEnglish[eng]
650 _aJapan, Senshi Sōsho, Second World War, Military history, Indonesia, Army Air Force
700 _aRemmelink, Willem
856 _uhttps://library.oapen.org/bitstream/20.500.12657/48379/1/The_Invasion_of_the_South.pdf||https://library.oapen.org/bitstream/20.500.12657/48379/1/The_Invasion_of_the_South.pdf
942 _cEB
999 _c8023
_d8023